| 000 | 03079 a2201153 4500 | ||
|---|---|---|---|
| 003 | PE-LiUPU | ||
| 005 | 20250813185703.0 | ||
| 008 | 231227b |||||||| |||| 00| 0 spa d | ||
| 020 | _a9786123175733 | ||
| 040 |
_aPE-LiUPU _bspa _cPE-LiUPU _dPE-LiUPU _erda |
||
| 082 |
_223 _a346.5 _bC352c |
||
| 100 | 1 |
_aCastillo Freyre, Mario _92526 _d1964- _eautor. |
|
| 245 | 1 | 0 |
_aContratos típicos / _cMario Castillo Freyre; con la colaboración de Sonia Flores Jara. |
| 250 | _aPrimera edición. | ||
| 264 |
_aLima : _bFondo Editorial Pontificia Universidad Católica del Perú, _c2020. |
||
| 300 |
_a215 páginas ; _c21 centímetros. |
||
| 490 |
_a(Colección esencial del derecho ; _v47) |
||
| 504 | _apáginas : [207] - 211. | ||
| 505 | _aEl contrato de compra venta -- El contrato de permuta -- El contrato de suministro -- El contrato de donación -- El contrato de mutuo -- El contrato de arrendamiento -- El contrato de hospedaje -- Los contratos de prestación de servicios -- El contrato de obra -- Mandato. | ||
| 526 | _aP202 | ||
| 526 | _aP201 | ||
| 526 | _aP163 | ||
| 526 | _aP162 | ||
| 526 | _aP161 | ||
| 526 | _aP160 | ||
| 526 | _aP148 | ||
| 526 | _aP147 | ||
| 526 | _aP146 | ||
| 526 | _aP145 | ||
| 526 | _aP144 | ||
| 526 | _aP143 | ||
| 526 | _aP142 | ||
| 526 | _aP141 | ||
| 526 | _aP140 | ||
| 526 | _aP139 | ||
| 526 | _aP138 | ||
| 526 | _aP137 | ||
| 526 | _aP136 | ||
| 526 | _aP135 | ||
| 526 | _aP134 | ||
| 526 | _aP133 | ||
| 526 | _aP129 | ||
| 526 | _aP128 | ||
| 526 | _aP127 | ||
| 526 | _aP120 | ||
| 526 | _aP119 | ||
| 526 | _aP118 | ||
| 526 | _aP116 | ||
| 526 | _aP115 | ||
| 526 | _aP114 | ||
| 526 | _aP110 | ||
| 526 | _aP109 | ||
| 526 | _aP108 | ||
| 526 | _aP104 | ||
| 526 | _aP103 | ||
| 526 | _aP102 | ||
| 526 | _aP99 | ||
| 526 | _aP98 | ||
| 526 | _aP97 | ||
| 526 | _aP96 | ||
| 526 | _aP95 | ||
| 526 | _aP93 | ||
| 526 | _aP90 | ||
| 526 | _aP89 | ||
| 526 | _aP88 | ||
| 526 | _aP83 | ||
| 526 | _aP82 | ||
| 526 | _aP62 | ||
| 526 | _aP59 | ||
| 526 | _aP58 | ||
| 526 | _aP57 | ||
| 526 | _aP51 | ||
| 526 | _aP49 | ||
| 526 | _aP48 | ||
| 526 | _aP47 | ||
| 526 | _aP29 | ||
| 526 | _aP24 | ||
| 526 | _aP20 | ||
| 526 | _aP19 | ||
| 526 | _aP17 | ||
| 526 | _aP15 | ||
| 526 | _aP14 | ||
| 526 | _aP12 | ||
| 526 | _aP10 | ||
| 526 | _aP09 | ||
| 526 | _aP08 | ||
| 526 | _aP07 | ||
| 526 | _aP06 | ||
| 526 | _aP05 | ||
| 526 | _aP04 | ||
| 526 | _aP01 | ||
| 650 | 1 | 8 |
_aContratos _xAspectos legales _zPerú. _93592 |
| 650 | 2 | 8 |
_aObligaciones y contratos (Derecho civil) _zPerú. _93593 |
| 650 | 2 | 8 |
_aDerecho comercial _xInterpretación y aplicación _zPerú. _93594 |
| 700 |
_aFlores Jara, Sonia, _d1979- _ecolaboradora. _93595 |
||
| 942 |
_cBK _2ddc _n0 |
||
| 980 |
_621515 _aDIGNA BRAÑES Analista Documental _81 _gALBERTO SANCHEZ Responsable de Automatización |
||
| 999 |
_c62241 _d62240 |
||